000
00344nam a22001577a 4500
005
20220127140514.0
008
040317d2001 mx r 00110 spa d
010
_a
88178
011
_a
89150
035
_a
99699
090
_a
Folleto
245
0
_c
/por
260
_a
:
_c
199
590
_a
CONVERSION
_b
10
_c
20130109
_l
UCH01
_h
1349
901
_a
BK
999
_c
88178
_d
88178